000 01139nam a22002171i 4500
001 153011
003 ES-MaACL
005 20250930063132.0
008 931025s1598 be |||| | spa d
040 _aCCP
_bspa
_cPAB
_dCCPB
100 1 _aCastillejo, Cristobal,
_d1494-1550
_936660
245 1 4 _aLas Obras de Christoual de Castillejo /
_ccorregidas, y emendadas, por mandado del Consejo de la Santa, y General Inquisicion.
260 _aEn Anvers :
_ben casa de Pedro Bellero,
_c1598.
300 _a[6] h., h. 3-372 ;
_c12º.
510 4 _aCCBE S. XVI,
_cC, 1066
510 4 _aPeeters-Fontainas. Bibliographie des impressions espagnoles des Pays Bas Méridioneux,
_cn. 204
596 _aMarca tip. en port.
597 _aSign.: Sign.: A¹6, B-Z¹², 2A-2H¹².
852 _aES-MaACL
_jR-743
_z-- Enc. perg.
_z-- Tras la port., hay una h. pegada con la siguiente anotación: "Esta oja es de la edición de Madrid por Pierre Cosin año de 1573. Recopilada y correjida (como la Propaladia de Naarro y el Lazarillo) por Juan Lopez de Veslasco al qual le dieron privilegio"
_x Olim: G-884
999 _c153011
_d153011